000
00471nam a2200157Ia 4500
008
090124s9999 xx 000 0 und d
082
_b
302081
245
_a
निवडक प्रभाकर अत्रे
250
_a
1
260
_c
1988
300
_a
216
630
_a
निवडक प्रभाकर अत्रे
700
_a
अदवंत म. ना.
730
_a
निवडक प्रभाकर अत्रे
942
_c
BOOK
999
_c
191683
_d
191683